000 00927nam a22002897a 4500
001 0024414
003 KOHA_MİRAKIL
005 20260207002439.0
007 ta
008 101112b2007 tu |||gr||||#||||0|tur |
020 _a9786053950424
_c14,39
040 _aTR-BiSEU
_btur
_cTR-BiSEU
_erda
041 0 _atur
044 _ctu
050 _aQA551
_b.S23 2007
100 1 _aSabuncuoğlu, Arif.
245 1 _aÇözümlü analitik geometri alıştırmaları/
_cArif Sabuncuoğlu ; Arif Sabuncuoğlu.
264 1 _aAnkara :
_bNobel
_c2007
300 _a424 sayfa; 25 cm.
336 _ametin
_btxt
_2rdacontent
337 _aaracısız
_bn
_2rdamedia
338 _acilt
_bnc
_2rdacarrier
490 0 _aNobel Yayın No: 1245, Matematik-İstatistik : 50.
650 0 _aAnalitik geometri--Problemler, alıştırmalar, vb.
_93157
830 0 _aNobel Yayın No: 1245, Matematik-İstatistik : 50.
_949866
942 _2lcc
_cBK
999 _c24366
_d24366